[Event "8th Dolomiti Open 2017"]
[Site "Forni di Sopra"]
[Date "2017.06.13"]
[Round "5.7"]
[White "Vezzosi, Paolo"]
[Black "Mufic, Goran"]
[Result "0-1"]
[WhiteElo "2333"]
[BlackElo "2247"]
[Annotator "TA"]
[PlyCount "84"]
[EventDate "2017.??.??"]
[EventType "swiss"]
[EventCountry "ITA"]
[SourceTitle "playchess.com"]
[Source "ChessBase"]
[SourceQuality "1"]

{[%evp 20,84,42,50,48,43,56,39,34,56,49,43,109,102,95,97,69,75,86,70,110,70,93,96,108,96,94,58,54,72,72,64,64,8,11,0,0,0,0,0,0,0,0,0,0,0,0,0,0,0,0,0,0,0,0,0,0,0,0,0,0,-476,-402,-12834,-2532,-12843,-12843]} 1. c4 e6 2. Nc3 d5 3. d4 Nf6 4. Bg5 Nbd7 5. e3 c6 6. Qc2 Qa5 7. Nf3 {[%cal Bg1f3,Bf3d2,Bd2c4][%mdl 32]} Bb4 8. Nd2 dxc4 9. Bxf6 Nxf6 10. Nxc4 Bxc3+ 11. bxc3 {LiveBook: 3 Games. D52: Queen's Gambit Declined: Cambridge Springs Variation} Qc7 12. e4 b5 13. e5 {White is slightly better.} bxc4 14. exf6 gxf6 15. Bxc4 Qa5 $146 (15... c5 $14) ({Predecessor:} 15... Rb8 16. O-O O-O 17. Rad1 Kh8 18. Rfe1 Rg8 {1-0 (40) Teske,H (2514)-Genser,H (2212) Austria 1999}) 16. O-O {[%cal Bh1f1,Bf1e1,Be1e3,Be3f3][%mdl 32]} Ba6 17. Bxa6 Qxa6 18. Rfe1 Qa5 19. Re3 Rb8 20. Rae1 Qd5 21. Rf3 Rg8 {[#] Threatens to win with ...Qxf3.} 22. Qxh7 Ke7 {aiming for ...Qxf3.} 23. Qf5 Qxf5 24. Rxf5 Rg5 25. Rxg5 fxg5 $16 {[%mdl 4096] Endgame KR-KR} 26. g3 ({White should try} 26. f3 $1 $14) 26... f6 $11 27. Re2 Rb1+ 28. Kg2 Rc1 29. Re3 {next h4 is good for White.} Ra1 30. h4 gxh4 31. gxh4 Rxa2 32. h5 {[%cal Bh4h5,Bh5h6,Bh6h7][%mdl 32] [#] h6 is the strong threat.} Ra5 33. Rh3 Kf7 34. h6 Kg8 35. h7+ Kh8 36. f4 (36. Re3 $5 {[%cal Re3e6]}) 36... c5 37. Rh6 cxd4 38. cxd4 Rf5 39. Kf3 a5 {[%cal Ba7a5,Ba5a4][%mdl 32]} 40. Ke4 $2 {[%mdl 8192]} (40. d5 $11 {and White is okay.} Rxd5 41. Rxf6) 40... a4 $19 41. d5 (41. Rh3 $142 Ra5 42. Ra3) 41... Rxd5 42. Rxf6 Ra5 {Precision: White = 54%, Black = 85%.} 0-1

[Event "8th Dolomiti Open 2017"]
[Site "Forni di Sopra"]
[Date "2017.06.13"]
[Round "5.8"]
[White "Carnicelli, Valerio"]
[Black "Qendro, Llambi"]
[Result "1/2-1/2"]
[WhiteElo "2242"]
[BlackElo "2328"]
[Annotator "ChessBase"]
[PlyCount "33"]
[EventDate "2017.??.??"]
[EventType "swiss"]
[EventCountry "ITA"]
[SourceTitle "playchess.com"]
[Source "ChessBase"]
[SourceQuality "1"]
[TimeControl "40/5400+30:1800+30"]

1. e4 {[%emt 0:00:30]} g6 {[%emt 0:01:00]} 2. d4 {[%emt 0:00:00]} Bg7 {[%emt 0:00:00]} 3. Nc3 {[%emt 0:00:00]} c6 {[%emt 0:00:00]} 4. Be3 {[%emt 0:00:00]} Qb6 {[%emt 0:01:30]} 5. Rb1 {[%emt 0:01:00]} d6 {[%emt 0:00:30]} 6. Qd2 {[%emt 0:00:30]} Nf6 {[%emt 0:02:30]} 7. f3 {[%emt 0:00:30]} Nbd7 {[%emt 0:06:30]} 8. Bc4 {[%emt 0:01:30]} Qc7 {[%emt 0:00:30]} 9. Bb3 {[%emt 0:01:30]} O-O {[%emt 0:06:30]} 10. Nge2 {[%emt 0:02:30]} e5 {[%emt 0:03:30]} 11. O-O {[%emt 0:00:30]} Re8 {[%emt 0:01:30]} 12. Rbd1 {[%emt 0:00:30]} Nf8 {[%emt 0:03:30]} 13. Ng3 {[%emt 0:07:30]} b6 {[%emt 0:08:30]} 14. d5 {[%emt 0:04:30]} c5 {[%emt 0:02:30]} 15. Bc4 {[%emt 0:10:30]} a6 {[%emt 0:01:30]} 16. a4 {[%emt 0:00:00]} Bd7 {[%emt 0:00:30]} 17. b3 {[%emt 0:10:00]} 1/2-1/2

[Event "8th Dolomiti Open 2017"]
[Site "Forni di Sopra"]
[Date "2017.06.13"]
[Round "5.9"]
[White "Derakhshani, Dorsa"]
[Black "De Santis, Alessio"]
[Result "1/2-1/2"]
[WhiteElo "2321"]
[BlackElo "2242"]
[Annotator "TA"]
[PlyCount "22"]
[EventDate "2017.??.??"]
[EventType "swiss"]
[EventCountry "ITA"]
[SourceTitle "playchess.com"]
[Source "ChessBase"]
[SourceQuality "1"]

{[%evp 9,22,4,10,-19,-10,-7,-10,-15,-13,-43,-44,-78,-66,-84,-23]} 1. e4 {[%cal Be2e4,Be4e5][%mdl 32]} b6 2. Nc3 Bb7 3. f4 Nf6 (3... e6 4. Nf3 d5 5. Bb5+ c6 6. Be2 d4 7. Nb1 c5 8. d3 Nf6 9. O-O Be7 10. a4 Nc6 11. Na3 {1-0 (41) Mamedov,N (2602)-Ipatov,A (2590) Denizli 2013}) 4. d3 d5 $146 ({Predecessor:} 4... e6 5. Nf3 Be7 6. Be3 c5 7. Bf2 Ng4 8. Bg3 Ne3 9. Qe2 Nxf1 10. Rxf1 d6 11. h4 {1-0 (18) Biava,P (1686)-Gorini,M (1486) Milan 2013}) 5. e5 d4 6. Nb5 {B00: Queen's Fianchetto Defence, Nimzowitsch Defence} a6 7. exf6 axb5 8. fxg7 $1 Bxg7 9. Qg4 Bf6 10. Nf3 h5 11. Qf5 Qd7 (11... c5 $17) 1/2-1/2

[Event "8th Dolomiti Open 2017"]
[Site "Forni di Sopra"]
[Date "2017.06.13"]
[Round "5.10"]
[White "Barp, Alberto"]
[Black "Remille, Tristan"]
[Result "1-0"]
[WhiteElo "2233"]
[BlackElo "2309"]
[Annotator "ChessBase"]
[PlyCount "89"]
[EventDate "2017.??.??"]
[EventType "swiss"]
[EventCountry "ITA"]
[SourceTitle "playchess.com"]
[Source "ChessBase"]
[SourceQuality "1"]
[TimeControl "40/5400+30:1800+30"]

1. d4 {[%emt 0:00:30]} Nf6 {[%emt 0:01:00]} 2. c4 {[%emt 0:00:00]} g6 {[%emt 0:00:00]} 3. Nc3 {[%emt 0:00:00]} d5 {[%emt 0:00:00]} 4. Nf3 {[%emt 0:00:00]} Bg7 {[%emt 0:00:30]} 5. Bf4 {[%emt 0:00:00]} O-O {[%emt 0:00:00]} 6. e3 {[%emt 0:00:00]} c5 {[%emt 0:00:00]} 7. dxc5 {[%emt 0:00:00]} Qa5 {[%emt 0:00:30]} 8. Rc1 {[%emt 0:00:30]} dxc4 {[%emt 0:00:30]} 9. Bxc4 {[%emt 0:00:00]} Qxc5 {[%emt 0:00:00]} 10. Bb3 {[%emt 0:00:00]} Bg4 {[%emt 0:00:00]} 11. h3 {[%emt 0:11:30]} Qh5 {[%emt 0:00:30]} 12. O-O {[%emt 0:02:30]} Bxf3 {[%emt 0:00:00]} 13. Qxf3 {[%emt 0:00:30]} Qxf3 {[%emt 0:00:00]} 14. gxf3 {[%emt 0:00:00]} Nc6 {[%emt 0:00:30]} 15. Rfd1 {[%emt 0:13:00]} Rfd8 {[%emt 0:02:30]} 16. Ba4 {[%emt 0:04:30]} Nb4 {[%emt 0:04:30]} 17. Rxd8+ {[%emt 0:02:30]} Rxd8 {[%emt 0:00:30]} 18. a3 {[%emt 0:00:30]} Na6 {[%emt 0:02:30]} 19. e4 {[%emt 0:14:30]} Nh5 {[%emt 0:17:30]} 20. Be3 {[%emt 0:02:30]} Bd4 {[%emt 0:01:30]} 21. Rd1 {[%emt 0:02:30]} e5 {[%emt 0:02:30]} 22. Nd5 {[%emt 0:10:30]} Nc5 {[%emt 0:07:30]} 23. Bxd4 {[%emt 0:01:30]} exd4 {[%emt 0:00:30]} 24. Rxd4 {[%emt 0:00:30]} Kg7 {[%emt 0:00:30]} 25. Rc4 {[%emt 0:01:30]} b6 {[%emt 0:06:30]} 26. h4 {[%emt 0:05:30]} Nf6 {[%emt 0:05:30]} 27. Bc6 {[%emt 0:03:30]} Nd3 {[%emt 0:02:30]} 28. Rc3 {[%emt 0:07:16]} Nxb2 {[%emt 0:04:30]} 29. Kf1 {[%emt 0:01:11]} Nxd5 {[%emt 0:00:30]} 30. Bxd5 {[%emt 0:04:13]} Rd7 {[%emt 0:00:30]} 31. Ke2 {[%emt 0:04:21]} b5 {[%emt 0:19:30]} 32. Rb3 {[%emt 0:04:24]} Na4 {[%emt 0:00:30]} 33. Bc6 {[%emt 0:01:35]} Rc7 {[%emt 0:01:30]} 34. Bxb5 {[%emt 0:00:35]} Nc3+ {[%emt 0:00:30]} 35. Kd2 {[%emt 0:00:24]} Nxb5 {[%emt 0:09:00]} 36. Rxb5 {[%emt 0:00:06]} Rc6 {[%emt 0:01:17]} 37. Ra5 {[%emt 0:00:42]} a6 {[%emt 0:00:06]} 38. Kd3 {[%emt 0:00:02]} Kf6 {[%emt 0:00:51]} 39. f4 {[%emt 0:00:33]} Ke7 {[%emt 0:04:15]} 40. f5 {[%emt 0:00:00]} gxf5 {[%emt 0:01:31]} 41. Rxf5 {[%emt 0:01:38]} Rc1 {[%emt 0:00:30]} 42. Ra5 {[%emt 0:00:30]} Rh1 {[%emt 0:01:30]} 43. h5 {[%emt 0:00:30]} f5 {[%emt 0:00:00]} 44. Rxf5 {[%emt 0:01:30]} Rh3+ {[%emt 0:00:00]} 45. f3 {[%emt 0:00:00]} 1-0

[Event "8th Dolomiti Open 2017"]
[Site "Forni di Sopra"]
[Date "2017.06.13"]
[Round "5.11"]
[White "Stelzer, Harald"]
[Black "Denoyelle, Arnaud"]
[Result "0-1"]
[WhiteElo "2272"]
[BlackElo "2188"]
[Annotator "RC"]
[PlyCount "52"]
[EventDate "2017.??.??"]
[EventType "swiss"]
[EventCountry "ITA"]
[SourceTitle "playchess.com"]
[Source "ChessBase"]
[SourceQuality "1"]
[TimeControl "40/5400+30:1800+30"]

1. e4 {[%emt 0:04:30]} c5 {[%emt 0:01:00]} 2. Nf3 {[%emt 0:00:30]} Nc6 {[%emt 0:00:00]} 3. d4 {[%emt 0:00:00]} cxd4 {[%emt 0:00:00]} 4. Nxd4 {[%emt 0:00:00]} d5 {[%emt 0:00:00]} 5. Nxc6 {[%emt 0:09:30]} bxc6 {[%emt 0:00:00]} 6. exd5 {[%emt 0:00:30]} Qxd5 {[%emt 0:00:30]} 7. Qxd5 {[%emt 0:08:30]} cxd5 {[%emt 0:00:30]} 8. Nc3 {[%emt 0:01:30]} e6 {[%emt 0:00:00]} 9. Bb5+ {[%emt 0:00:30]} Bd7 {[%emt 0:00:00]} 10. Bxd7+ {[%emt 0:00:30]} Kxd7 {[%emt 0:00:30]} 11. O-O {[%emt 0:00:30]} Be7 {[%emt 0:05:30]} 12. Bf4 {[%emt 0:02:30]} Bf6 {[%emt 0:01:30]} 13. Ne2 {[%emt 0:08:30]} Ne7 {[%emt 0:03:30]} 14. c3 {[%emt 0:05:30]} a5 {[%emt 0:01:30]} 15. b3 {[%emt 0:00:00]} Rhc8 {[%emt 0:02:30]} 16. Rfc1 {[%emt 0:06:00]} a4 {[%emt 0:01:30]} 17. Bd2 {[%emt 0:01:30]} Nf5 {[%emt 0:01:30]} 18. Kf1 {[%emt 0:03:30]} Nd6 {[%emt 0:02:30]} 19. f3 {[%emt 0:10:30]} Nb5 {[%emt 0:01:30]} 20. Rab1 {[%emt 0:01:30]} axb3 {[%emt 0:02:30]} 21. axb3 {[%emt 0:03:30]} Ra2 {[%emt 0:01:30]} 22. Ke1 {[%emt 0:01:30]} Na3 {[%emt 0:00:30]} 23. b4 {[%emt 0:03:30]} Nxb1 {[%emt 0:02:30]} 24. Rxb1 {[%emt 0:00:00]} Rca8 {[%emt 0:00:30]} 25. Nc1 {[%emt 0:01:00]} Ra1 {[%emt 0:05:30]} 26. Rb2 {[%emt 0:00:00]} Rxc1+ {[%emt 0:01:30]} 0-1

[Event "8th Dolomiti Open 2017"]
[Site "Forni di Sopra"]
[Date "2017.06.13"]
[Round "5.12"]
[White "Belli, Giorgio"]
[Black "Loiacono, Leonardo"]
[Result "1/2-1/2"]
[WhiteElo "2303"]
[BlackElo "2175"]
[Annotator "NA RC"]
[PlyCount "40"]
[EventDate "2017.??.??"]
[EventType "swiss"]
[EventCountry "ITA"]
[SourceTitle "playchess.com"]
[Source "ChessBase"]
[SourceQuality "1"]
[TimeControl "40/5400+30:1800+30"]

{[%evp 8,40,20,21,37,27,32767,32767,32767,32767,42,24,8,6,0,5,16,15,29,-17,-18,-25,0,-25,13,0,-12,0,23,-35,-23,-31,0,0,0]} 1. e4 {[%emt 0:00:30]} e5 {[%emt 0:01:00]} 2. Nf3 {[%emt 0:00:30]} Nc6 {[%emt 0:00:00]} 3. Bb5 {[%emt 0:01:30]} a6 {[%emt 0:00:00]} 4. Ba4 {[%emt 0:00:30]} Nf6 {[%emt 0:00:30]} 5. O-O {[%emt 0:00:30] O-O [%clk 1:29:0]} b5 {[%emt 0:00:00]} 6. Bb3 {[%emt 0:00:00]} Be7 {[%emt 0:00:00]} 7. Re1 {[%emt 0:00:00]} d6 {[%emt 0:00:00]} 8. c3 {[%emt 0:01:30]} O-O {[%emt 0:01:00]} 9. d4 {[%emt 0:04:30]} Bg4 {[%emt 0:07:30]} 10. d5 {[%emt 0:01:30]} Na5 {[%emt 0:01:30]} 11. Bc2 {[%emt 0:00:30] Bc2 [%clk 1:24:0]} c6 {[%emt 0:00:30] LiveBook: 815 Games} 12. h3 {[%emt 0:00:30]} Bh5 {[%emt 0:02:30] ] Bh5 [%clk 1:22:0]} 13. g4 {[%emt 0:04:30] C91: Closed Ruy Lopez: 7...d6 8 c3 0-0 9 d4} (13. dxc6 Nxc6 14. Nbd2 d5 15. exd5 Qxd5 16. Ne4 Qxd1 17. Rxd1 Rad8 18. Be3 {½-½ (18) Delorme,A (2507)-Demuth,A (2537) Sitges 2015}) 13... Bg6 {[%emt 0:01:30]} 14. dxc6 {[%emt 0:01:30]} Qc7 {[%emt 0:10:30]} 15. Nbd2 {[%emt 0:03:30] Q} Qxc6 {[%emt 0:00:30]} 16. Qe2 $146 {[%emt 0:09:30]} ({Predecessor:} 16. Nh4 Nd7 17. Ndf3 Rfe8 18. Nxg6 hxg6 19. g5 Nc4 20. h4 Nc5 21. Nd2 Ne6 22. Nxc4 bxc4 {0-1 (38) Boudy Bueno,J-Alvarez del Monte,J Santa Clara 1968}) 16... Rfe8 {[%emt 0:12:30]} 17. Nf1 {[%emt 0:03:30] B} Bf8 {[%emt 0:02:30]} 18. Ng3 {[%emt 0:04:30]} d5 {[%emt 0:05:30]} 19. exd5 {[%emt 0:05:30]} Qxd5 {[%emt 0:00:30]} 20. Nf5 {[%emt 0:00:30]} e4 $11 {[%emt 0:21:30]} 1/2-1/2

[Event "8th Dolomiti Open 2017"]
[Site "Forni di Sopra"]
[Date "2017.06.14"]
[Round "6.1"]
[White "Anurag, Mhamal"]
[Black "Korneev, Oleg"]
[Result "1/2-1/2"]
[WhiteElo "2466"]
[BlackElo "2569"]
[Annotator "TA"]
[PlyCount "51"]
[EventDate "2017.??.??"]
[EventType "swiss"]
[EventCountry "ITA"]
[SourceTitle "playchess.com"]
[Source "ChessBase"]
[SourceQuality "1"]

{[%evp 15,51,0,-2,-24,0,0,0,6,12,0,0,0,0,0,0,0,0,0,0,0,0,0,0,0,0,-8,-9,-8,-9,-8,0,0,0,0,0,0,0,-12]} 1. c4 c6 2. Nf3 d5 3. cxd5 cxd5 4. g3 Nf6 5. Bg2 Nc6 6. d4 Bf5 7. O-O e6 8. Nc3 Be7 9. Ne5 {D13: Slav Defence: Exchange variation without ...Bf5} (9. Bf4 O-O 10. Nh4 Bg6 11. Nxg6 hxg6 12. Bg5 Nd7 13. Bxe7 Qxe7 14. e3 Rfc8 15. Qe2 Nb6 {½-½ (15) Benidze,D (2469)-Mchedlishvili,M (2605) Kocaeli 2015}) 9... Nxe5 10. dxe5 {The position is equal.} Nd7 11. e4 dxe4 12. Nxe4 $146 (12. g4 $5 {[%cal Rg4f5]} Bg6 13. Qa4 $11) ({Predecessor:} 12. Qa4 a6 13. Nxe4 O-O 14. Rd1 b5 15. Qb3 Rc8 16. Be3 Rc4 {0-1 (49) Zhelesny,S-Savchenko,S (2475) Odessa 1991}) 12... Nxe5 13. Bf4 Qxd1 14. Rfxd1 Nc6 15. Nd6+ Bxd6 $1 16. Bxd6 O-O-O 17. Rac1 {[#] aiming for b4.} Rd7 {And now ...Rhd8 would win.} 18. Bxc6 bxc6 19. Rxc6+ Kb7 20. Rdc1 Rhd8 21. Rc7+ Rxc7 22. Bxc7 Rd5 23. Bf4 e5 24. Be3 Bg4 25. f4 exf4 26. gxf4 {Precision: White = 58%, Black = 79%.} 1/2-1/2

[Event "8th Dolomiti Open 2017"]
[Site "Forni di Sopra"]
[Date "2017.06.14"]
[Round "6.2"]
[White "Rotstein, Arkadij"]
[Black "Stany, G A"]
[Result "1/2-1/2"]
[WhiteElo "2495"]
[BlackElo "2489"]
[Annotator "TA"]
[PlyCount "39"]
[EventDate "2017.??.??"]
[EventType "swiss"]
[EventCountry "ITA"]
[SourceTitle "playchess.com"]
[Source "ChessBase"]
[SourceQuality "1"]

{[%evp 15,39,-13,-12,-45,-49,-66,-63,-98,-106,-100,-97,-96,-100,-88,-28,-39,-27,-28,156,-25,-22,-33,-16,-18,-16,-10]} 1. d4 Nf6 {[%cal Bg8f6,Bf6d7,Bd7c5,Bc5d3][%mdl 32]} 2. Nf3 g6 3. g3 Bg7 4. Bg2 d5 5. c4 dxc4 6. Qa4+ Nfd7 7. Qxc4 Nc6 {D73: Fianchetto Grünfeld: 5 Nf3} (7... Nb6 8. Qc2 Nc6 9. Rf1 {½-½ (9) Radjabov,T (2751)-Feller,S (2526) Cap d'Agde 2008}) 8. e3 e5 {LiveBook: 8 Games} 9. Qe2 O-O {[%cal Re5d4] Black is slightly better.} 10. d5 Nc5 $146 ({Predecessor:} 10... Ne7 11. e4 f5 12. Bg5 Nf6 13. Bxf6 Bxf6 14. Nc3 fxe4 15. Nd2 Nxd5 16. Nxd5 Qxd5 17. Nxe4 {½-½ (54) Csom,I (2455)-Boros,D (2285) Hungary 1996}) 11. dxc6 {[#] And now 0-0 would win.} Nd3+ 12. Kf1 {Strongly threatening Nc3.} Nxc1 13. Qd2 Nd3 {aiming for ...e4.} 14. Ne1 {[#]} bxc6 (14... e4 $1 $17 {[%mdl 512]} 15. cxb7 (15. Bxe4 Bh3+) 15... Bxb7 16. Nxd3 Rb8) 15. Qxd3 Qxd3+ 16. Nxd3 {Hoping for Nc5.} Rd8 $2 (16... Ba6 $11 17. Be4 Rad8) 17. Be4 $2 ({Reject} 17. Bxc6 $6 Rb8 $11) ({Better is} 17. Nb4 $16) 17... Ba6 $11 18. Nc3 ({Much worse is} 18. Ke2 f5 $17) 18... Bxd3+ (18... f5 $5 {[%cal Rf5e4]} 19. Kg2 Bxd3 20. Bxc6 Rab8 $15) 19. Bxd3 Rxd3 20. Ke2 {Precision: White = 30%, Black = 41%.} 1/2-1/2

[Event "8th Dolomiti Open 2017"]
[Site "Forni di Sopra"]
[Date "2017.06.14"]
[Round "6.3"]
[White "Castellanos Rodriguez, Renier"]
[Black "Matamoros Franco, Carlos S"]
[Result "1/2-1/2"]
[WhiteElo "2488"]
[BlackElo "2478"]
[Annotator "TA"]
[PlyCount "81"]
[EventDate "2017.??.??"]
[EventType "swiss"]
[EventCountry "ITA"]
[SourceTitle "playchess.com"]
[Source "ChessBase"]
[SourceQuality "1"]

{[%evp 11,81,25,44,46,49,53,58,49,93,46,54,50,67,57,59,69,106,88,98,105,89,92,81,83,91,94,92,88,97,96,116,65,107,66,65,68,74,73,62,50,83,33,31,22,27,30,26,20,22,32,41,0,0,0,0,0,17,0,0,0,0,0,7,0,37,0,0,0,8,0,0,0]} 1. d4 Nf6 2. c4 g6 3. Nc3 Bg7 4. e4 d6 5. h3 O-O 6. Be3 Na6 7. g4 {E71: King's Indian: 4 e4 d6 5 h3} c5 8. Nge2 cxd4 9. Nxd4 {White is slightly better.} b6 10. Bg2 Bb7 11. O-O Nc5 {[%cal Rf6e4]} 12. Qc2 e6 $146 ({Predecessor:} 12... e5 13. Nde2 h5 14. f3 Ne6 {1-0 (66) Lupulescu,C (2620)-Nevednichy,V (2547) Calimanesti Caciulata 2017}) 13. Rad1 Qb8 14. Ndb5 Rd8 15. b4 Na6 16. a3 Ne8 17. f4 Nac7 18. Nd4 {[%cal Bb5d4,Bd4e2,Be2f4][%mdl 32]} e5 19. Nde2 exf4 20. Nxf4 Rd7 21. Qd3 (21. g5 $16) 21... Re7 22. Bd4 Bxd4+ 23. Qxd4 Ne6 $1 {[%cal Re6d4]} 24. Nxe6 Rxe6 25. Rf4 Qc7 26. Rdf1 {[#] Threatens to win with Nb5.} Re7 27. R1f2 Rc8 28. Bf1 Qd7 29. Nd5 Bxd5 $1 30. exd5 Rc7 31. Re4 (31. R2f3 {keeps more tension.} Re1 32. Qf2 Re5 33. Bd3 f6 34. Kg2) 31... Rxe4 32. Qxe4 Qe7 33. Qf4 Qd8 34. g5 Re7 35. Re2 Rxe2 36. Bxe2 Qe7 37. Kf2 a5 38. h4 (38. Qe3 $5 {[%cal Re3e7]} Kf8 39. Qxe7+ Kxe7 40. Ke3 $14) 38... axb4 {The position is equal.} 39. axb4 h5 40. Bd3 Qd7 41. Qe3 {Precision: White = 54%, Black = 58%.} 1/2-1/2

[Event "8th Dolomiti Open 2017"]
[Site "Forni di Sopra"]
[Date "2017.06.14"]
[Round "6.4"]
[White "Basso, Pier Luigi"]
[Black "Bruno, Fabio"]
[Result "0-1"]
[WhiteElo "2448"]
[BlackElo "2427"]
[Annotator "TA"]
[PlyCount "126"]
[EventDate "2017.??.??"]
[EventType "swiss"]
[EventCountry "ITA"]
[SourceTitle "playchess.com"]
[Source "ChessBase"]
[SourceQuality "1"]

{[%evp 16,126,22,21,59,47,87,27,21,19,29,24,23,15,15,15,20,6,5,8,16,16,18,17,34,0,0,0,0,-27,-14,-11,-19,-22,-23,-175,-184,-157,-179,-156,-164,-168,-161,-160,-166,-226,-174,-214,-155,-209,-199,-197,-205,-231,-240,-256,-232,-258,-239,-227,-198,-199,-188,-268,-261,-287,-284,-302,-308,-301,-296,-437,-354,-340,-351,-436,-445,-439,-432,-447,-444,-442,-414,-655,-455,-431,-398,-604,-306,-1143,-1129,-1176,-949,-1012,-983,-29988,-29989,-29989,-29990,-29988,-29988,-29988,-29989,-29989,-29990,-29990,-29991,-29993,-29994,-29996,-29997,-29997,-29998]} 1. d4 e6 2. c4 f5 3. g3 Nf6 4. Bg2 c6 5. Nf3 d5 6. O-O Bd6 7. Nc3 O-O 8. Qc2 Ne4 9. Rb1 Bd7 {A90: Dutch Defence: Miscellaneous and Modern Stonewall (with ...Bd6)} (9... a5 10. a3 Qe7 11. c5 Bc7 12. Bf4 Bxf4 13. gxf4 Bd7 14. b4 Be8 15. Ne5 Nd7 16. Nd3 Ndf6 17. f3 Nxc3 18. Qxc3 {0-1 (44) Jakovenko,D (2704)-Vallejo Pons,F (2711) Doha 2016}) 10. b4 a6 11. a4 (11. c5 $16 Bc7 12. Nxe4 fxe4 13. Bg5) 11... Be8 $11 {White has an edge.} 12. b5 $146 ({Predecessor:} 12. c5 Bc7 13. Bf4 Bxf4 14. gxf4 Kh8 15. e3 Rg8 16. Nxe4 fxe4 17. Ne5 {1-0 (35) Becker,M (2381)-Gutowski,A (2009) Oberhausen 2007}) 12... axb5 13. axb5 Nd7 14. Nxe4 fxe4 15. Ng5 Rf6 $1 16. bxc6 (16. Nxe4 $5 dxe4 17. Bxe4 $11) 16... bxc6 17. c5 Be7 {[%cal Bd6e7,Be7f6,Bf6d4][%mdl 32]} 18. f4 h6 19. Nh3 Rf7 20. Be3 Nf8 21. Ra1 Bf6 22. Qc3 Rfa7 23. Rxa7 Rxa7 24. Ra1 Rb7 25. Bd2 $2 {[#]} (25. Nf2 $11) 25... Rb3 $1 $19 {[%cal Rb3c3][%mdl 512]} 26. Qxb3 Bxd4+ 27. e3 Bxa1 28. Nf2 Qf6 29. Nd1 Qe7 30. Qb8 (30. Bb4 $142) 30... Bf6 31. Bb4 Qd8 32. Qb7 (32. Qxd8 $17 Bxd8 33. Nf2) 32... Bd7 33. Nc3 Qe8 34. Bf1 e5 35. fxe5 Bxe5 36. Ne2 Qh5 37. Be1 Qf3 38. Bf2 Qf7 39. Be1 (39. Nf4 $142) 39... Ne6 40. Qa8+ Kh7 41. Qa7 Ng5 {[#] And now ...Nf3+ would win.} 42. Bg2 Qe8 43. Bc3 (43. Nd4 $142) 43... Bxc3 44. Nxc3 Bg4 45. h4 Qe5 {...Nf3+ is the strong threat.} 46. Qa3 Nf7 47. Kh2 Qf6 48. Qb2 Ne5 49. Qc2 (49. Kg1 $142) 49... Kh8 50. Kg1 Nd3 51. Kh2 (51. Qd2 $142) 51... Qe5 52. Na4 $2 (52. Ne2) 52... Qa1 53. Qb3 Qe1 54. Qb8+ Kh7 {White must now prevent ...Qf2.} 55. Qe8 Qf2 {Black mates.} 56. h5 Bf5 57. Kh1 Qxg3 58. Qf7 Qe1+ 59. Kh2 Qh4+ 60. Kg1 Qf2+ 61. Kh1 Ne1 {[%csl Ge1][%cal Rf2g2]} 62. Bh3 Qf3+ 63. Kg1 Qxe3+ {Precision: White = 35%, Black = 74%.} 0-1

[Event "8th Dolomiti Open 2017"]
[Site "Forni di Sopra"]
[Date "2017.06.14"]
[Round "6.5"]
[White "Denoyelle, Arnaud"]
[Black "Henderson de La Fuente, Lance"]
[Result "1-0"]
[WhiteElo "2188"]
[BlackElo "2365"]
[Annotator "ChessBase"]
[PlyCount "77"]
[EventDate "2017.??.??"]
[EventType "swiss"]
[EventCountry "ITA"]
[SourceTitle "playchess.com"]
[Source "ChessBase"]
[SourceQuality "1"]
[TimeControl "40/5400+30:1800+30"]

1. e4 {[%emt 0:00:30]} c5 {[%emt 0:01:00]} 2. Nf3 {[%emt 0:00:00]} e6 {[%emt 0:00:00]} 3. c4 {[%emt 0:01:00]} Nc6 {[%emt 0:00:00]} 4. Nc3 {[%emt 0:00:30]} Nge7 {[%emt 0:04:30]} 5. Be2 {[%emt 0:05:30]} Nd4 {[%emt 0:02:30]} 6. Nxd4 {[%emt 0:02:30]} cxd4 {[%emt 0:00:00]} 7. Nb5 {[%emt 0:01:30]} Nc6 {[%emt 0:01:00]} 8. O-O {[%emt 0:00:30]} Be7 {[%emt 0:02:30]} 9. d3 {[%emt 0:00:30]} O-O {[%emt 0:02:30]} 10. Na3 {[%emt 0:07:30]} b6 {[%emt 0:13:30]} 11. Nc2 {[%emt 0:04:30]} Bb7 {[%emt 0:01:30]} 12. f4 {[%emt 0:05:30]} d5 {[%emt 0:19:30]} 13. cxd5 {[%emt 0:02:30]} exd5 {[%emt 0:00:00]} 14. e5 {[%emt 0:02:30]} f6 {[%emt 0:01:00]} 15. e6 {[%emt 0:03:30]} f5 {[%emt 0:01:30]} 16. g4 {[%emt 0:02:30]} g6 {[%emt 0:08:30]} 17. gxf5 {[%emt 0:01:30]} gxf5 {[%emt 0:00:30]} 18. Bh5 {[%emt 0:01:30]} Qd6 {[%emt 0:12:30]} 19. Bf7+ {[%emt 0:00:30]} Rxf7 {[%emt 0:00:30]} 20. exf7+ {[%emt 0:00:30]} Kxf7 {[%emt 0:00:30]} 21. Kh1 {[%emt 0:02:30]} Rg8 {[%emt 0:00:30]} 22. Bd2 {[%emt 0:00:30]} Ba6 {[%emt 0:03:30]} 23. Qf3 {[%emt 0:00:30]} Rg6 {[%emt 0:00:30]} 24. b4 {[%emt 0:10:30]} Bf6 {[%emt 0:02:30]} 25. Rab1 {[%emt 0:06:30]} Nd8 {[%emt 0:01:30]} 26. Qh3 {[%emt 0:02:30]} Kg7 {[%emt 0:01:30]} 27. b5 {[%emt 0:07:30]} Bc8 {[%emt 0:00:30]} 28. Nb4 {[%emt 0:06:30]} Nb7 {[%emt 0:02:12]} 29. Rbc1 {[%emt 0:04:14]} Nc5 {[%emt 0:00:12]} 30. Nc6 {[%emt 0:01:27]} a6 {[%emt 0:04:53]} 31. Rg1 {[%emt 0:07:03]} Rg4 {[%emt 0:06:40]} 32. Qf3 {[%emt 0:03:28]} axb5 {[%emt 0:03:36]} 33. h3 {[%emt 0:00:12]} Rg6 {[%emt 0:01:48]} 34. Ne5 {[%emt 0:00:09]} Bxe5 {[%emt 0:00:14]} 35. fxe5 {[%emt 0:00:12]} Qxe5 {[%emt 0:00:39]} 36. Bf4 {[%emt 0:00:39]} Qe8 {[%emt 0:02:39]} 37. Rce1 {[%emt 0:01:49]} Be6 {[%emt 0:01:20]} 38. Be5+ {[%emt 0:01:23]} Kg8 {[%emt 0:00:23]} 39. Bxd4 1-0